000 00237nam a2200097Ia 4500
001 990831
005 20250826221318.0
008 250824s9999 xx 000 0 und d
245 0 _aİNTİKAM
_cKAHRAMAN TAZEOĞLU
260 _bDESTEK YAYINLARI
999 _c990831
_d990831